Continúa la sucesión - Estadísticas

Estadísticas generales
  • Esta prueba ha sido intentada 21 veces
  • La puntuación promedio es 6 de 8
Estadísticas de respuestas
Sucesión Número % Correcto
1, 10, 11, 100, 101 110
100%
3, 7, 15, 31, 63 127
100%
3, 7, 11, 15, 19 23
100%
11, 12, 14, 17, 21 26
100%
23, 19, 15, 11, 7 3
100%
8, 13, 18, 23, 28 33
100%
3, 7, 12, 18, 25 33
100%
90, 79, 68, 57, 46 35
100%
11, 16, 21, 26, 31 36
100%
3, 12, 21, 30, 39 48
100%
4, 6, 10, 18, 34 66
100%
1, 1, 2, 3, 5 8
100%
4, 55, 666, 7777, 88888 999999
100%
56, 48, 40, 32, 24 16
88%
46, 43, 39, 34, 28 21
88%
4, 6, 8, 10, 12 14
86%
4, 9, 16, 25, 36 49
86%
0, 4, 10, 18, 28 40
83%
2, 4, 8, 16, 32 64
83%
2, 3, 5, 7, 11 13
75%
32, 48, 72, 108, 162, 243
75%
2, 6, 18, 54, 162 486
75%
7, 14, 28, 56, 112 224
71%
5, 8, 12, 17, 23 30
67%
2, 5, 11, 20, 32 47
67%
6, 9, 15, 27, 51 99
67%
101, 110, 111, 1000, 1001 1010
60%
3, 5, 12, 24, 41 63
60%
2, 5, 14, 41, 122 365
29%
1, 8, 27, 64, 125 216
14%
2, 8, 15, 23, 32 42
0%
4, 6, 14, 46, 174 686
0%
No se encontraron pruebas coincidentes
Distribución de puntuación
Porcentaje de gente con cada puntuación
Porcentaje por número respondido
Historial de tus puntuaciones
No has intentado esta prueba.